| 000 | 00605nam a22001817a 4500 | ||
|---|---|---|---|
| 005 | 20260407162430.0 | ||
| 008 | 260324b |||||||| |||| 00| 0 eng d | ||
| 020 | _a978-81-203-5286-5 | ||
| 050 | _aQA 251.D38 2017 | ||
| 100 | _aDATTA, KANTI BHUSHAN | ||
| 245 | _aMATRIX AND LINEAR ALGEBRA AIDED WITH MATLAB | ||
| 250 | _a3rd | ||
| 260 |
_aNEW DELHI, _bPHI LEARNING PRIVATE LIMITED, _c2017, |
||
| 300 | _aX,697 | ||
| 500 | _aINCLUDES INDEX | ||
| 650 | _a1. Linear algebra-Textbooks 2. Matrices-Textbooks 3. MATLAB-Applications in mathematics 4. Numerical analysis—Textbooks | ||
| 942 |
_2lcc _cBK |
||
| 999 |
_c216865 _d216865 |
||